000
00294nam a2200121Ia 4500
008
190216s9999||||xx |||||||||||||| ||und||
100
_a
Hembarua
245
0
_a
Assamese Literature
260
_b
National Book Trust India
_c
1965
300
_a
277p
650
_a
Assamese Literature
942
_c
REF
999
_c
35216
_d
35216